Determination and assessment of potential mobility of heavy metals in solid samples by Sequential Extraction Procedures (SEP) /
Saved in:
| 主要作者: | |
|---|---|
| 格式: | Thesis 圖書 |
| 語言: | English |
| 出版: |
2012.
|
| 主題: | |
| 在線閱讀: | http://studentsrepo.um.edu.my/id/eprint/3739 |
| 標簽: |
添加標簽
沒有標簽, 成為第一個標記此記錄!
|
| LEADER | 01185cam a2200289 a 4500 | ||
|---|---|---|---|
| 001 | u870840 | ||
| 003 | SIRSI | ||
| 005 | 201212241703 | ||
| 008 | 121224s2011 my a t 000 0 eng m | ||
| 040 | |a UMM |d AUM |e rda | ||
| 090 | |a QD3 |b UMP 2011 Nem | ||
| 100 | 1 | |a Nemati, Keivan. | |
| 245 | 1 | 0 | |a Determination and assessment of potential mobility of heavy metals in solid samples by Sequential Extraction Procedures (SEP) / |c Keivan Nemati. |
| 260 | |c 2012. | ||
| 300 | |a xix, 200 leaves : |b ill. ; |c 30 cm. | ||
| 502 | |a Thesis (Ph.D) -- Jabatan Kimia, Fakulti Sains, Universiti Malaya, 2011. | ||
| 504 | |a Bibliography: leaves 170-197. | ||
| 530 | |a Also issued in CD. | ||
| 650 | 0 | |a Heavy metals |x Environmental aspects. | |
| 650 | 0 | |a Sediments (Geology) |x Analysis. | |
| 650 | 0 | |a Soils |x Analysis. | |
| 710 | 2 | |a Universiti Malaya. |b Jabatan Kimia. | |
| 856 | 4 | 1 | |u http://studentsrepo.um.edu.my/id/eprint/3739 |
| 900 | |a AT-ZA | ||
| 596 | |a 1 25 | ||
| 999 | |a QD3 UMP 2011 NEM |w LC |c 1 |i A515297337 |d 7/11/2013 |f 7/11/2013 |g 1 |l STACKS |m P01UTAMA |r Y |s Y |t TESIS |u 31/10/2013 | ||
| 999 | |a QD3 UMP 2011 NEM |w LC |c 1 |i A516260316 |f 22/12/2022 |g 1 |l STACKS |m P25UMARCHI |r N |s Y |t CD |u 31/7/2015 |1 STEM |o .STAFF. MST-CD1420 | ||
